000 00611nam a2200229 a 4500
001 46523
003 BD-RjUL
005 20211209054150.0
008 160802s1969 pak |||| ||| 001 0 eng d
020 _c: Tk 8.00
035 _a(BD-RjUL)46642
040 _aBD-RjUL
_beng
_cBD-RjUL
041 _aeng
082 _223
_a340
_bAHL 1969
100 1 _aAhmad, S. Zaib
_9141939
245 1 0 _aLaws relating to heinous offences /
_cS. Zaib Ahmad
260 _aGuzranwala :
_bCrescent Law House,
_c1969
300 _axxxiv, 510 p. ;
_c22 cm.
500 _aIncludes index
650 _aLaw
_9141940
942 _2ddc
_cBK
999 _c46523
_d46523